[Event "ICS Rated blitz match"]
[Site "204.178.125.65"]
[Date "1999.09.29"]
[Round "?"]
[White "Hossa"]
[Black "Florina"]
[Result "1-0"]
[WhiteElo "2451"]
[BlackElo "2257"]
[Annotator "Fritz 5.32 (20s)"]
[PlyCount "55"]
[EventDate "1999.??.??"]

1. e4 d5 2. exd5 c6 3. dxc6 Nxc6 4. Nf3 e5 (4... Bg4 5. Bb5 Qd5 6. Nc3 Bxf3 7.
gxf3 Qe5+ 8. Qe2 O-O-O 9. Bxc6 Qxe2+ 10. Nxe2 bxc6 11. d3 Nf6 12. Be3 Rd7 13.
O-O-O Nd5 14. Nd4 Kc7 15. c4 Nxe3 16. fxe3 e5 17. Nb3 g6 18. Kc2 Kb6 19. a4 {
Hjortskov,K-Jorgensen,K/Copenhagen 1998/CBM 65 ext/ - (52)}) 5. Bb5 (5. Nc3 Nf6
6. d3 h6 7. Be2 Bd6 8. O-O O-O 9. Ne4 Bc7 10. Nxf6+ Qxf6 11. Re1 Bf5 12. Be3
Rad8 13. Nd2 Bh7 14. Bf3 Qe6 15. Qe2 f5 16. Nb3 b6 17. g3 g5 18. Bd2 g4 19. Bg2
a5 20. a4 h5 21. f4 gxf3 22. Qxf3 Ne7 23. Qxh5 Bg6 24. Qe2 Rf7 25. Bc3 f4 26.
gxf4 Rxf4 27. Bxe5 Bxe5 28. Qxe5 Qxe5 29. Rxe5 Nf5 30. Re4 Rxe4 31. Bxe4 Rc8
32. Bxf5 Bxf5 33. Nd4 Bd7 34. Kf2 Rc5 35. h3 Rd5 36. Ke3 {
1-0 Vidarsson,J-Eilertsen,J/Gausdal 1993/TD (36)}) 5... Bd6 $146 (5... e4 6.
Ne5 Bd7 7. Nxd7 Qxd7 8. O-O Nf6 9. Re1 Qe6 10. d4 Bb4 11. c3 Bd6 12. Bg5 Ng4
13. Nd2 O-O 14. Rxe4 Qf5 15. Rxg4 Qxb5 16. Bh6 Qh5 17. Rxg7+ Kh8 18. Qxh5 Rae8
19. Rxh7+ Kxh7 20. Bxf8+ {
Bourmistrov,D-Sollis,M/AUS-ch U12 1995/EXT 98/1-0 (30)}) 6. Qe2 Qe7 7. d4 exd4
8. Nxd4 {Die Oeffnung der d-Linie verschafft Weiss Drohungen.} 8... Qxe2+ 9.
Nxe2 Bd7 10. O-O Nf6 11. Rd1 Bc5 12. Nbc3 12... O-O $18 (12... a6 $5 13. Bxc6
13... Bxc6 $18) 13. Bg5 13... Bf5 $2 (13... Rad8 $18 $142) 14. Bxf6 gxf6 15.
Rd5 Bxf2+ 16. Kxf2 Bxc2 17. Bxc6 bxc6 18. Rd6 Rac8 19. Rc1 Bg6 20. Rxf6 Kg7 21.
Rf4 Rfe8 22. Nd4 Re5 (22... h6 {hilft allerdings auch nicht} 23. b3 $18) 23.
Na4 Be4 24. Nc5 Bd5 25. b3 Rce8 (25... Rd8 {nuetzt auch nichts mehr} 26. h4 $18
) 26. Rg4+ Kh6 27. Nd7 Re3 (27... Rg5 {lenkt den Gegner vielleicht noch ab} 28.
Rxg5 Kxg5 29. h4+ 29... Kh6 $18) 28. Nf5+ (28. Nf5+ Kh5 29. Nf6#) 1-0

[Event "ICS Rated blitz match"]
[Site "204.178.125.65"]
[Date "1999.09.18"]
[Round "?"]
[White "Hossa"]
[Black "Florina"]
[Result "1-0"]
[WhiteElo "2410"]
[BlackElo "2103"]
[Annotator "Fritz 5.32 (20s)"]
[PlyCount "59"]
[EventDate "1999.??.??"]

1. e4 1... e6 {Opening = C10 - 3.Nc3 ---} 2. d4 d5 3. Nd2 dxe4 4. Nxe4 Nd7 5.
Bd3 Ngf6 6. Nxf6+ Nxf6 7. Ne2 $146 (7. Bg5 h6 8. Bh4 c5 9. dxc5 Bxc5 10. Qe2
Qd4 11. Nf3 Qxb2 12. O-O Qb6 13. Rab1 Qc7 14. Ne5 a6 15. c4 Be7 16. Rb3 O-O 17.
Bb1 Rd8 18. Rg3 Kf8 19. f4 Bd7 20. Kh1 Ba4 21. f5 exf5 22. Bxf5 Rd1 23. Nd7+
Rxd7 24. Bxd7 Qxd7 25. Rd3 Qg4 26. Qf2 Bc6 27. Bg3 Qxc4 28. Rd4 Qb5 29. Re1 Bc5
30. Bd6+ Bxd6 31. Rxd6 Re8 32. Rdd1 Rxe1+ 33. Qxe1 Kg8 34. h3 Qf5 35. Qe3 Qe4
36. Qg3 Nh5 37. Qf2 37... Nf4 {
0-1 Lastin,A-Yagupov,I/Kstovo 1997/CBM 59/[Gershon] (37)}) 7... Be7 8. O-O b6
9. c3 {Deckt b4} 9... Bb7 10. Re1 Qd7 11. a3 {Kontrolliert b4} 11... h6 {
Verwehrt dem Gegner g5} 12. a4 g5 13. a5 Nh5 14. axb6 14... axb6 {
Weiss entwickelt Drohungen in der offenen a-Linie} 15. Rxa8+ Bxa8 16. Qc2 16...
Nf4 $2 $18 (16... Bd6 $5 $11 $142 {ist noch spielbar}) 17. Nxf4 gxf4 18. Bxf4
h5 19. Bh7 h4 20. Ra1 {Weiss entwickelt eine toedliche Initiative} 20... Bc6
21. Be5 21... Qd5 $2 (21... f6 22. Qg6+ Kd8 23. Bxf6 Rxh7 24. Qg8+ Qe8 25. Qxh7
25... Bxf6 $16) 22. f3 f6 23. Bxc7 f5 24. Bg6+ 24... Kd7 $2 (24... Kf8 25. Bxb6
25... Rh6 $18) 25. Bxb6 {Der Freibauer c3 fuehrt schnell zu Drohungen} 25... h3
(25... Ra8 {sonst gehen die Lichter sofort aus} 26. Rxa8 Bxa8 27. Qa4+ Qc6 28.
Qxc6+ 28... Bxc6 $18) 26. Ra7+ Kc8 27. Rc7+ Kb8 28. Rxe7 hxg2 29. Qxg2 (29. Qe2
$5 $142 {und Weiss haette es noch leichter} 29... Bd7 30. Qa6 30... Qb7 $18)
29... Rg8 (29... Qxf3 {aendert nichts am Ausgang der Partie} 30. Qxf3 Bxf3 31.
Bh7 $18) 30. Qg3+ (30. Qg3+ f4 31. Qxf4+ e5 32. Qf6 $18) 1-0

[Event "ICS Rated blitz match"]
[Site "204.178.125.65"]
[Date "1999.10.01"]
[Round "?"]
[White "Hossa"]
[Black "GARCICS"]
[Result "1-0"]
[WhiteElo "2366"]
[BlackElo "2023"]
[PlyCount "57"]
[EventDate "1999.??.??"]

1. c4 e5 2. Nc3 Nf6 3. g3 Bb4 4. Bg2 O-O 5. Nd5 Nxd5 6. cxd5 c6 7. e3 cxd5 8.
Bxd5 Nc6 9. Ne2 Ne7 10. Bg2 d5 11. O-O Ba5 12. d4 e4 13. f3 exf3 14. Rxf3 Bf5
15. Rf2 Rc8 16. Qb3 Bb6 17. Bxd5 Bc2 18. Bxf7+ Kh8 19. Qb5 Rc6 20. Qe5 Bc7 21.
Qh5 Rh6 22. Qg4 Bf5 23. Rxf5 Nxf5 24. Qxf5 Rf6 25. Qh3 R8xf7 26. Nf4 Bxf4 27.
gxf4 Rg6+ 28. Kf1 Qd5 29. Qc8+ {GARCICS resigns} 1-0

[Event "ICS Rated blitz match"]
[Site "204.178.125.65"]
[Date "1999.08.27"]
[Round "?"]
[White "Hossa"]
[Black "GIRONA"]
[Result "1-0"]
[WhiteElo "2306"]
[BlackElo "2104"]
[Annotator "Fritz 5.32 (22s)"]
[PlyCount "57"]
[EventDate "1999.??.??"]

1. e4 d6 2. d4 Nf6 3. f3 Nbd7 4. Bd3 (4. Be3 e5 5. d5 Be7 (5... c6 6. c4 cxd5
7. cxd5 Be7 8. Nc3 a6 9. Bd3 Nf8 10. Nge2 Ng6 11. Qd2 h5 12. g3 h4 13. O-O-O
Bd7 14. Kb1 b5 15. Nc1 b4 16. N3e2 Qb8 17. Bc4 Bd8 18. Nd3 a5 19. Qe1 Bb6 20.
Qf2 {Krizsany,L-Oratovsky,M/Saanen 1994/EXT 97/0-1 (43)}) 6. Nh3 O-O 7. c4 c6
8. Nf2 cxd5 9. cxd5 Ne8 10. Qd2 g6 11. Be2 Ng7 12. Nc3 a6 13. Nd3 f5 14. a4 a5
15. O-O f4 16. Bf2 Bh4 17. Bxh4 Qxh4 18. Nb5 18... Qd8 {
Semkov,S-Ehlvest,J/Erevan 1988/CBM 08/1-0 (35)}) 4... g6 $146 (4... e5 5. Ne2
c6 6. c3 Be7 7. O-O O-O 8. Nd2 d5 9. Bc2 c5 10. dxe5 Nxe5 11. Kh1 b6 12. exd5
Nxd5 13. Ne4 Ba6 14. b3 Re8 15. c4 Nb4 16. Bf4 Ng6 17. Bg3 Qxd1 18. Bxd1 f5 19.
N4c3 {Blagidze,A-Bastrikov,G/Kiev 1957/MCD/0-1 (68)}) 5. Ne2 Bg7 6. O-O e5 7.
c3 O-O 8. Bg5 Re8 9. Nd2 9... c6 {Sichert b5} 10. f4 h6 11. fxe5 {
Weiss engt den Gegner ein} (11. Bh4 exf4 12. Bxf6 Nxf6 13. Nxf4 13... Qc7 $11)
11... dxe5 12. Bxf6 $15 (12. Bh4 g5 13. Bg3 exd4 14. cxd4 14... Nc5 $15) 12...
Nxf6 13. Qa4 $17 (13. Nc4 exd4 14. e5 dxc3 15. exf6 15... cxb2 $15) 13... Be6
$15 (13... Bg4 $5 14. Rae1 exd4 15. Nxd4 15... c5 $17) 14. Qb4 14... Qd7 $11 (
14... b5 15. Nb3 $15) 15. a4 $15 (15. d5 15... Bg4 $11) 15... Rad8 $11 (15...
exd4 16. cxd4 (16. Qxd4 $143 16... Rad8 $17) 16... Bg4 17. Nf4 $15) 16. Nf3 $15
(16. d5 16... Bg4 $11) 16... Ng4 17. Qa5 $19 (17. a5 $5 $15 {ist zu ueberlegen}
) 17... b6 (17... exd4 $6 18. cxd4 Ne3 19. Rf2 $15) 18. Qa6 Ne3 ({
Weniger gut ist} 18... exd4 19. Nexd4 (19. cxd4 $2 19... Ne3 $19) 19... Qc7 20.
Nxe6 Rxe6 21. h3 $15) 19. Rfe1 $2 (19. d5 $142 19... Nxf1 20. Rxf1 $19) 19...
Qc7 (19... Qe7 $5 {und Schwarz haette es noch leichter} 20. Ng3 (20. Nxe5 $4 {
Weiss schlaegt einen vergifteten Bauern} 20... Bxe5 21. Ng3 Bc8 22. Qxc8 Rxc8
23. Rxe3 23... Qg5 $19) 20... Bc8 21. Qxc8 Rxc8 22. Rxe3 exd4 23. cxd4 $19) 20.
a5 20... b5 {Mit der Idee Bc8} 21. Bxb5 (21. d5 Bc8 (21... cxd5 $6 22. Qxb5
dxe4 23. Bxe4 $17) 22. Qxc6 Qxc6 23. dxc6 23... Rxd3 $19) 21... cxb5 22. d5 Bd7
(22... Qb8 $5 $142 {damit wuerde Schwarz es sich noch erleichtern} 23. c4 (23.
dxe6 $4 {waere ein schrecklicher Fehler} 23... Rxe6 (23... fxe6 $6 24. Qc6 $19)
24. Qxe6 24... fxe6 $19) 23... bxc4 24. Nc3 $19) 23. Rac1 (23. Rab1 23... Nc4
$19) 23... Bf8 24. b3 (24. b4 Qb8 25. Qf6 25... Ng4 $19) 24... Rb8 (24... Ba3 {
ginge schneller} 25. Rb1 $19) 25. Kh1 (25. b4 Bg4 26. Ng3 26... Nc4 $19) 25...
Bd6 (25... Ng4 $5 $142 {ist genauer} 26. Rf1 Bc5 27. Ned4 $19) 26. Ng3 Bc8 27.
Qc6 27... Ng4 $4 $11 {gibt den Vorteil aus der Hand} (27... Qxc6 $142 28. dxc6
28... Ng4 $19) 28. Qxe8+ 28... Kg7 {Schwarz droht Bd7} 29. Qc6 (29. Qc6 Qe7 30.
Rf1 $11) 1-0

[Event "ICS Rated blitz match"]
[Site "204.178.125.65"]
[Date "1999.09.22"]
[Round "?"]
[White "Hossa"]
[Black "IWink"]
[Result "1-0"]
[WhiteElo "2094"]
[BlackElo "2082"]
[PlyCount "71"]
[EventDate "1999.??.??"]

1. d4 Nf6 2. c4 b6 3. Nc3 e6 4. e4 Bb4 5. Bg5 h6 6. Bxf6 Qxf6 7. a3 Bxc3+ 8.
bxc3 Bb7 9. Bd3 Qg5 10. Nf3 Qh5 11. O-O O-O 12. Qe1 d6 13. Nd2 e5 14. f4 Nd7
15. fxe5 dxe5 16. Rf5 Qg6 17. Nf3 Rae8 18. Qb1 Qg4 19. Nd2 g6 20. h3 Qg3 21.
Rf3 Qh4 22. c5 bxc5 23. Qxb7 cxd4 24. Qxc7 dxc3 25. Qxc3 Rc8 26. Qa5 Nc5 27.
Qxa7 Ne6 28. Qf2 Qe7 29. Bc4 Nd4 30. Rf6 Kg7 31. Rf1 Rc7 32. Kh1 Ra7 33. a4 Ne6
34. Bxe6 fxe6 35. Rxf8 Qxf8 36. Qxf8+ {IWink resigns} 1-0

[Event "ICS Rated blitz match"]
[Site "204.178.125.65"]
[Date "1999.09.06"]
[Round "?"]
[White "Hossa"]
[Black "IlDivino"]
[Result "1-0"]
[WhiteElo "2442"]
[BlackElo "2062"]
[PlyCount "41"]
[EventDate "1999.??.??"]

1. d4 Nf6 2. Nf3 c5 3. d5 e6 4. dxe6 fxe6 5. e4 Nxe4 6. Bd3 Nf6 7. Ng5 g6 8.
Nxh7 Rxh7 9. Bxg6+ Rf7 10. Bxf7+ Kxf7 11. Bg5 Be7 12. O-O Nc6 13. Nc3 d5 14.
Re1 Qg8 15. Qd2 Bd7 16. Bxf6 Bxf6 17. Nxd5 Nd4 18. Nxf6 Kxf6 19. Re3 Bc6 20.
Rg3 Qf7 21. Qg5# {IlDivino checkmated} 1-0

[Event "ICS Rated blitz match"]
[Site "204.178.125.65"]
[Date "1999.10.19"]
[Round "?"]
[White "Hossa"]
[Black "Isfen"]
[Result "1-0"]
[WhiteElo "2467"]
[BlackElo "2292"]
[PlyCount "93"]
[EventDate "1999.??.??"]

1. e4 e5 2. Nf3 d6 3. d4 Nd7 4. Bc4 c6 5. O-O Be7 6. Be3 Ngf6 7. Nbd2 O-O 8. c3
b5 9. Bd3 a5 10. a4 Ba6 11. axb5 cxb5 12. Ng5 h6 13. Ngf3 Qc7 14. Qe2 Rfb8 15.
Rfd1 Nf8 16. dxe5 dxe5 17. Nh4 Ne6 18. Nf5 Bc5 19. Qf1 Bxe3 20. Nxe3 Nf4 21.
Ra2 Nxd3 22. Qxd3 b4 23. c4 Bb7 24. Nf5 Kh7 25. Qd6 Qxd6 26. Nxd6 Bc6 27. Nxf7
Nxe4 28. Nxe5 Bb7 29. Nxe4 Bxe4 30. Re1 Bc2 31. Nc6 Rb6 32. Rxa5 Rxa5 33. Nxa5
b3 34. h4 Ra6 35. Re5 Rd6 36. c5 Rd1+ 37. Kh2 Rc1 38. c6 Bd1 39. Re1 Rc5 40.
Rxd1 Rxa5 41. Rc1 Ra8 42. c7 Rb8 43. cxb8=Q Kg6 44. Qf8 Kh5 45. Qxg7 Kxh4 46.
Qg3+ Kh5 47. Rc5# {Isfen checkmated} 1-0

[Event "ICS Rated blitz match"]
[Site "204.178.125.65"]
[Date "1999.09.20"]
[Round "?"]
[White "Hossa"]
[Black "JSBach"]
[Result "1-0"]
[WhiteElo "2413"]
[BlackElo "1822"]
[PlyCount "145"]
[EventDate "1999.??.??"]

1. e4 e5 2. Nf3 Nc6 3. Bb5 Qf6 4. d3 Bc5 5. O-O Nd4 6. Nxd4 Bxd4 7. Nc3 c6 8.
Bc4 Bxc3 9. bxc3 b5 10. Bb3 Bb7 11. f4 d5 12. exd5 cxd5 13. fxe5 Qb6+ 14. d4
Ne7 15. Ba3 Qe6 16. Qf3 Rd8 17. Bxe7 Qxe7 18. a4 Bc6 19. axb5 Bxb5 20. Rfb1 Qd7
21. Ra2 O-O 22. Ra5 a6 23. Re1 Qe6 24. Raa1 Rfe8 25. Rab1 h6 26. Red1 Re7 27.
Kh1 a5 28. Ra1 Ra7 29. Rdb1 Kh8 30. Rb2 a4 31. Ba2 Bc6 32. Rf1 Rc7 33. Rb6 Qg6
34. Qf2 Qe6 35. Qf4 Re8 36. Kg1 Kg8 37. Qg3 Kh8 38. Qf3 Qg6 39. Rf2 Kg8 40. Qe2
Rb7 41. Ra6 Re6 42. Ra8+ Kh7 43. Ra5 Rd7 44. Qf3 f6 45. Bxd5 Rxd5 46. Rxd5 fxe5
47. dxe5 Rxe5 48. Rxe5 Bxf3 49. Rxf3 Qxc2 50. Re1 a3 51. Kh1 a2 52. Ra1 Qb2 53.
Rff1 Qe2 54. c4 g5 55. c5 Qb5 56. Rfc1 Qc6 57. Rxa2 Kg6 58. Rd2 Kh5 59. h3 Qb7
60. c6 Qc7 61. Rd6 Kh4 62. Rxh6+ Kg3 63. Rf1 g4 64. Rg6 Kh4 65. Rxg4+ Kh5 66.
Rf5+ Kh6 67. Rf6+ Kh5 68. Rgf4 Qh7 69. R4f5+ Kh4 70. c7 Qh8 71. Kh2 Qg7 72.
Rh6+ Qxh6 73. g3# {JSBach checkmated} 1-0

[Event "ICS Rated blitz match"]
[Site "204.178.125.65"]
[Date "1999.10.18"]
[Round "?"]
[White "Hossa"]
[Black "JSBach"]
[Result "1-0"]
[WhiteElo "2516"]
[BlackElo "1972"]
[PlyCount "27"]
[EventDate "1999.??.??"]

1. e4 e5 2. Nf3 Bd6 3. Nc3 Nf6 4. Bc4 O-O 5. d3 Re8 6. Be3 Kf8 7. O-O Ng4 8.
Ng5 Nxe3 9. Qh5 g6 10. fxe3 gxh5 11. Rxf7+ Kg8 12. Re7+ Kf8 13. Rf1+ Kxe7 14.
Rf7# {JSBach checkmated} 1-0

[Event "ICS Rated blitz match"]
[Site "204.178.125.65"]
[Date "1999.09.16"]
[Round "?"]
[White "Hossa"]
[Black "JudgeTurpin"]
[Result "0-1"]
[WhiteElo "2408"]
[BlackElo "2432"]
[PlyCount "80"]
[EventDate "1999.??.??"]

1. Nf3 d5 2. c4 c6 3. d4 Nf6 4. Nc3 dxc4 5. e4 b5 6. Ne5 e6 7. Be3 Bb7 8. a3
Nbd7 9. Nxd7 Qxd7 10. f3 Rd8 11. a4 a6 12. axb5 cxb5 13. Be2 Bb4 14. O-O a5 15.
Bg5 h6 16. Bf4 O-O 17. Qd2 Nh5 18. Be3 f5 19. Bf2 fxe4 20. fxe4 Nf4 21. Be3
Nxe2+ 22. Qxe2 Rxf1+ 23. Rxf1 Bxc3 24. bxc3 Bxe4 25. Rf2 Qd5 26. Qg4 Bf5 27.
Qg3 Kh8 28. Bf4 b4 29. Be5 Rd7 30. Qf4 Kh7 31. Qc1 b3 32. Qf4 Qe4 33. Qc1 a4
34. Qa3 Qe1+ 35. Rf1 Qe3+ 36. Kh1 Rb7 37. Qb2 a3 38. Qxa3 b2 39. h3 Be4 40. Kh2
40... Qd2 {Hossa resigns} 0-1

[Event "ICS Rated blitz match"]
[Site "204.178.125.65"]
[Date "1999.09.16"]
[Round "?"]
[White "Hossa"]
[Black "JudgeTurpin"]
[Result "1/2-1/2"]
[WhiteElo "2379"]
[BlackElo "2461"]
[PlyCount "166"]
[EventDate "1999.??.??"]

1. e4 c5 2. d4 cxd4 3. Nf3 Nc6 4. Nxd4 Qb6 5. Nxc6 bxc6 6. a3 e5 7. Bc4 Nf6 8.
Nc3 Bc5 9. O-O Rb8 10. Bg5 Qd8 11. Na4 Qa5 12. Bd2 Qxa4 13. b3 Qxa3 14. Rxa3
Bxa3 15. Qa1 Bd6 16. Bc3 O-O 17. Rd1 Bc7 18. Bxe5 Bxe5 19. Qxe5 Bb7 20. Qd6
Nxe4 21. Qxd7 Nf6 22. Qd4 Ra8 23. Qe5 Nd5 24. Qf5 Rfe8 25. g3 Bc8 26. Qh5 g6
27. Qg5 Bf5 28. Rd2 Re1+ 29. Kg2 h5 30. Be2 Re8 31. Bf3 Be4 32. c4 Bxf3+ 33.
Kxf3 R1e5 34. Qh6 Nf6 35. Kg2 Ng4 36. Qf4 Re2 37. Qd6 c5 38. Rxe2 Rxe2 39. h3
Nxf2 40. Kf3 Ra2 41. Qb8+ Kh7 42. Qc7 Kg7 43. Qe5+ Kh7 44. Qe7 Kg7 45. h4 Ng4
46. Qxc5 a5 47. Qd4+ Kg8 48. Qb6 Kg7 49. Ke4 Rb2 50. Qxa5 Rxb3 51. Kf4 Nf2 52.
Qa1+ Kg8 53. Qa7 Nd3+ 54. Kg5 Ne5 55. Qc7 Ng4 56. Kf4 Ne3 57. Qd8+ Kg7 58. Qd4+
Kg8 59. Qxe3 Rxe3 60. Kxe3 f6 61. Kd4 Kf7 62. Kc5 Ke7 63. Kc6 g5 64. c5 f5 65.
Kb6 f4 66. gxf4 gxh4 67. c6 h3 68. c7 h2 69. c8=Q h1=Q 70. Qc5+ Ke6 71. Qe5+
Kf7 72. Qf5+ Ke7 73. Qg5+ Kf7 74. f5 Qb1+ 75. Kc7 Qc2+ 76. Kd6 Qd1+ 77. Ke5
Qe1+ 78. Kd4 Qb4+ 79. Kd5 Qg4 80. Qxg4 hxg4 81. Ke4 g3 82. Kf3 Kf6 83. Kxg3
83... Kxf5 {Game drawn because neither player has mating material} 1/2-1/2

[Event "ICS Rated blitz match"]
[Site "204.178.125.65"]
[Date "1999.09.23"]
[Round "?"]
[White "Hossa"]
[Black "JudgeTurpin"]
[Result "0-1"]
[WhiteElo "2437"]
[BlackElo "2426"]
[PlyCount "143"]
[EventDate "1999.??.??"]

1. Nf3 d5 2. d4 Nf6 3. Bf4 c5 4. e3 Nc6 5. Be2 Qb6 6. b3 cxd4 7. exd4 Bf5 8.
O-O e6 9. c3 Ne4 10. Nh4 g5 11. f3 Nxc3 12. Nxc3 gxh4 13. Be3 Rg8 14. Na4 Qc7
15. f4 Ba3 16. Bc1 Be4 17. Rf2 Bb4 18. a3 Be7 19. b4 h3 20. g3 Rd8 21. b5 Na5
22. Bd2 Nc4 23. Nc3 Bf6 24. Nxe4 dxe4 25. Rc1 e3 26. Rf1 Rxd4 27. Bxe3 Rxd1 28.
Rfxd1 b6 29. Rxc4 Qb7 30. Bf1 Kf8 31. Bxh3 Qf3 32. Rc8+ Kg7 33. Rxg8+ Kxg8 34.
Re1 Qe4 35. Bg2 Qd3 36. Bf1 Qxa3 37. Bf2 Qa4 38. Kg2 Qc2 39. Kg1 Bc3 40. Re3
Bd4 41. Re2 Qc5 42. Rd2 Bxf2+ 43. Rxf2 Kg7 44. Kg2 Qd5+ 45. Kg1 Qe4 46. Re2
Qd4+ 47. Kh1 Qd5+ 48. Rg2 Kf6 49. Kg1 Ke7 50. Re2 f6 51. Re3 e5 52. Bd3 Kd6 53.
fxe5+ fxe5 54. Bxh7 Qxb5 55. Rd3+ Kc5 56. Be4 Qc4 57. Bf5 a5 58. h4 e4 59. Rd7
Qc1+ 60. Kg2 Qb2+ 61. Kh3 e3 62. Rc7+ Kd6 63. Rd7+ Kc6 64. Re7 Qf6 65. Bd7+ Kd6
66. Rxe3 Kxd7 67. g4 Qf4 68. Ra3 b5 69. h5 a4 70. Rd3+ Ke6 71. Rc3 b4 72. Rc6+
{Hossa resigns} 0-1

[Event "ICS Rated blitz match"]
[Site "204.178.125.65"]
[Date "1999.09.21"]
[Round "?"]
[White "Hossa"]
[Black "JudgeTurpin"]
[Result "0-1"]
[WhiteElo "2344"]
[BlackElo "2497"]
[PlyCount "93"]
[EventDate "1999.??.??"]

1. d4 d5 2. c4 c6 3. e3 Nf6 4. cxd5 cxd5 5. Bb5+ Bd7 6. Bxd7+ Nbxd7 7. Ne2 e6
8. O-O Bd6 9. f3 Qc7 10. f4 Rc8 11. Nbc3 a6 12. Bd2 Nb6 13. Rc1 Qd7 14. Ng3 h5
15. h4 Ng4 16. Nxh5 f5 17. Ng3 Qe7 18. h5 Qh4 19. Rf3 Nh2 20. Be1 Nxf3+ 21.
Qxf3 Qe7 22. Nge2 Qf7 23. Ng3 g6 24. hxg6 Qxg6 25. Nge2 Kf7 26. Bg3 Rcg8 27. b3
Rh6 28. Qf1 Qg7 29. Qe1 Rg6 30. Kh2 Ba3 31. Rd1 Be7 32. Rd3 Bh4 33. e4 dxe4 34.
Re3 Bxg3+ 35. Nxg3 Qh6+ 36. Kg1 Qxf4 37. Qf2 Qxf2+ 38. Kxf2 f4 39. Rxe4 Rxg3
40. Rxf4+ Ke7 41. Ne2 Rxg2+ 42. Ke1 Rh8 43. Kd2 Nd5 44. Re4 Rhh2 45. a4 Rh3 46.
b4 Ra3 47. Ke1 {Hossa resigns} 0-1

[Event "ICS Rated blitz match"]
[Site "204.178.125.65"]
[Date "1999.09.14"]
[Round "?"]
[White "Hossa"]
[Black "JudgeTurpin"]
[Result "0-1"]
[WhiteElo "2275"]
[BlackElo "2531"]
[PlyCount "102"]
[EventDate "1999.??.??"]

1. e4 c5 2. Nf3 e6 3. d4 cxd4 4. Nxd4 Nf6 5. Nc3 d6 6. g4 h6 7. Be2 d5 8. exd5
Nxd5 9. Nxd5 Qxd5 10. O-O Be7 11. Nb5 Qe5 12. Re1 O-O 13. Bd3 Qc5 14. Be3 Qc6
15. Nxa7 Qa4 16. Nxc8 Rxc8 17. c4 Qc6 18. Bf4 Na6 19. Bf1 Bf6 20. Qe2 Nc5 21.
Bg2 Qb6 22. Reb1 Na4 23. Be3 Qb4 24. Bd2 Qb6 25. Bc1 Qa6 26. Qf3 Qxc4 27. Qxb7
Qxg4 28. Qb5 Rab8 29. Qa6 Rd8 30. Be3 Bxb2 31. f3 Qb4 32. a3 Qb3 33. Ba7 Nc3
34. Rf1 Ra8 35. Qb6 Nb5 36. Rab1 Bd4+ 37. Kh1 Qxb1 38. Rxb1 Bxb6 39. Bxb6 Nxa3
40. Rc1 Rd3 41. Bc5 Rad8 42. h4 Nb5 43. f4 Rc3 44. Rxc3 Nxc3 45. Kh2 Ne2 46.
Bb6 Rc8 47. f5 Rc4 48. Bd8 Rd4 49. Be7 exf5 50. Bf3 Nf4 51. Bc5 51... Rd3 {
Hossa resigns} 0-1

[Event "ICS Rated blitz match"]
[Site "204.178.125.65"]
[Date "1999.10.06"]
[Round "?"]
[White "Hossa"]
[Black "JudgeTurpin"]
[Result "1-0"]
[WhiteElo "2502"]
[BlackElo "2530"]
[PlyCount "339"]
[EventDate "1999.??.??"]

1. d4 d5 2. c4 Nc6 3. cxd5 Qxd5 4. Nf3 e5 5. Nc3 Bb4 6. Bd2 Bxc3 7. Bxc3 e4 8.
Ne5 Nge7 9. Nxc6 Nxc6 10. e3 O-O 11. Bd2 Be6 12. Qa4 Rfd8 13. Qb5 Ne7 14. Qxd5
Nxd5 15. Rc1 Rac8 16. a4 g6 17. b4 a6 18. Bc4 c6 19. Be2 f5 20. f4 Nb6 21. a5
Nd5 22. h4 h5 23. Kf2 Kf7 24. Rc5 Ke7 25. Rhc1 Kd6 26. Bc4 Nf6 27. Bf1 Ng4+ 28.
Kg3 Re8 29. R5c3 Bd5 30. Be2 Re7 31. R3c2 Rec7 32. Rb2 Re8 33. Rc3 Rce7 34.
Rbc2 Rd8 35. Bc1 Ke6 36. Kh3 Red7 37. Bd2 Kf6 38. Kg3 Re7 39. Rc1 Rh7 40. Rc5
Ke6 41. Bd1 Rhd7 42. Bc2 Rb8 43. Bb1 Re8 44. R5c3 Red8 45. Bc2 Rc7 46. Be1 Rf7
47. Bd1 Rh7 48. Be2 Rdd7 49. Bd2 Rh8 50. Kh3 Rc8 51. g3 Nf2+ 52. Kh2 Re8 53.
R1c2 Ng4+ 54. Kh3 Red8 55. Kg2 Rc8 56. Rc1 Rf8 57. Rc5 Re8 58. Bd1 Kd6 59. Kf1
Rdd8 60. Bc2 Re7 61. Kg2 Rf7 62. Rc3 Re8 63. Bd1 Rd7 64. R1c2 Ree7 65. Bc1 Ke6
66. Bb2 Rd8 67. Rc1 Red7 68. Be2 Rh7 69. Ra3 Rc7 70. Rc2 Rcd7 71. Rac3 Ra8 72.
Rc1 Rg8 73. Kg1 Rdd8 74. R1c2 Kf6 75. Bf1 Rge8 76. Kg2 Rd7 77. Kh3 Red8 78. Bc1
Ke6 79. Kg2 Rf7 80. Bd2 Rdd7 81. Be2 Rde7 82. Rc5 Rh7 83. Rc1 Re8 84. Kg1 Rf8
85. R5c2 Rd8 86. Kf1 Rdd7 87. Rc5 Rhf7 88. Bd1 Rf8 89. Kg2 Rc8 90. b5 axb5 91.
Rxb5 Re8 92. Rb6 Ra8 93. Bxg4 hxg4 94. Rcb1 Ra7 95. Kf2 Bc4 96. Bc3 Kd5 97.
R1b2 Bb5 98. Bd2 Ra8 99. Be1 Rf7 100. Rc2 Ke6 101. Rc5 Ba4 102. d5+ Kd6 103.
Rc4 Bb5 104. Bb4+ Kd7 105. Rxb7+ Ke8 106. Rxf7 Kxf7 107. Rc5 Ra6 108. h5 Kg7
109. Bc3+ Kh6 110. hxg6 Kxg6 111. Ke1 Ba4 112. dxc6 Bxc6 113. Kd2 Ba4 114. Be5
Kf7 115. Kc3 Ke6 116. Kb4 Bc6 117. Rc1 Bd7 118. Rh1 Kd5 119. Rh7 Bc8 120. Rc7
Rc6 121. Rxc6 Kxc6 122. Kc4 Ba6+ 123. Kd4 Kb5 124. Bc7 Kc6 125. Bb8 Bc8 126.
Ba7 Kd6 127. Bc5+ Kc6 128. Bb6 Kd6 129. Ba7 Kc6 130. Ke5 Kb5 131. Bb6 Bd7 132.
Kd6 Bc8 133. Kc7 Be6 134. Kb7 Bc4 135. Bd8 Bf7 136. Kc8 Bd5 137. Bb6 Kc6 138.
Kd8 Bc4 139. Ke7 Ba6 140. Ke6 Bc8+ 141. Kf6 Bd7 142. Ke7 Bc8 143. Bd8 Kc5 144.
Kf6 Kd5 145. a6 Bxa6 146. Kxf5 Be2 147. Kg6 Kd6 148. Bg5 Kd7 149. f5 Bc4 150.
f6 Ke8 151. Kf5 Be2 152. Kxe4 Kf7 153. Ke5 Kg6 154. e4 Bd1 155. Ke6 Kxg5 156.
f7 Bb3+ 157. Ke7 Bxf7 158. Kxf7 Kh6 159. e5 Kg5 160. e6 Kf5 161. e7 Ke4 162.
e8=Q+ Kd4 163. Qd7+ Kc5 164. Qxg4 Kd5 165. Qb4 Ke5 166. Qc4 Kd6 167. Qb5 Kc7
168. Ke7 Kc8 169. Kd6 Kd8 170. Qb8# {JudgeTurpin checkmated} 1-0

[Event "ICS Rated blitz match"]
[Site "204.178.125.65"]
[Date "1999.09.14"]
[Round "?"]
[White "Hossa"]
[Black "JudgeTurpin"]
[Result "0-1"]
[WhiteElo "2307"]
[BlackElo "2492"]
[PlyCount "113"]
[EventDate "1999.??.??"]

1. e4 e5 2. Nf3 Nc6 3. Bc4 Nf6 4. d4 exd4 5. O-O Nxe4 6. Re1 d5 7. Bxd5 Qxd5 8.
Nc3 Qa5 9. Rxe4+ Be6 10. Nxd4 O-O-O 11. Be3 Bc5 12. Qh5 Bxd4 13. Qxa5 Nxa5 14.
Bxd4 Rhg8 15. Rae1 Nc6 16. Bc5 g5 17. R4e2 b6 18. Be3 h6 19. b3 Bf5 20. a3 Rd7
21. h3 Rgd8 22. g4 Bg6 23. Kg2 f5 24. b4 f4 25. b5 Rf7 26. f3 fxe3 27. bxc6 Rf6
28. Rxe3 Rxc6 29. R1e2 Kb7 30. Ne4 Rd1 31. Rb3 Ra1 32. Kf2 Bf7 33. Rbe3 Ra2 34.
h4 gxh4 35. Kg2 Rcxc2 36. Rxc2 Rxc2+ 37. Kh3 Kc6 38. Kxh4 Bc4 39. Kh5 Rh2+ 40.
Kg6 Kb5 41. f4 Kc6 42. f5 Rh4 43. Nf6 b5 44. Re7 a5 45. Re6+ Bxe6 46. fxe6 Rh2
47. e7 Re2 48. e8=Q+ Rxe8 49. Nxe8 b4 50. axb4 a4 51. Ng7 Kb5 52. Ne6 Kc4 53.
g5 a3 54. Nd4 hxg5 55. Nc2 Kb3 56. Na1+ Kb2 57. Kxg5 {Hossa resigns} 0-1